000
00296nam a22001217a 4500
999
_c
522831
_d
522831
003
NUST
038
_a
Tanveer
082
_a
891.4393
_b
ALI
245
_a
Muhabbat ko Gawah Rakna /
_c
Muhammad Mushtaq Ali
260
_a
Lahore
_b
Khazeena Elamo Adab
_c
2002.
300
_a
448p.
_c
25cm.
942
_2
ddc
_c
BK